Cinéma commençant par la lettre P - Statistiques

Statistiques générales
  • Ce quiz a été pris 1 385 fois
  • Le résultat moyen est 7 sur 12
Statistiques - réponses
Hint Réponse % Correct
Studio d'animation acheté par Steve Jobs en 1986, puis Disney en 2006 Pixar
91%
Film choral de 1994, avec Uma Thurman et Samuel L. Jackson Pulp Fiction
91%
Célèbre société de production dont le logo représente une montagne Paramount
89%
Récompense ultime attribuée durant le festival de Cannes Palme d'Or
88%
Cinéaste d'origine polonaise, veuf de l'actrice Sharon Tate Roman Polanski
70%
Actrice israélo-américaine révélée chez Besson, puis propulsée grâce à Star Wars Natalie Portman
69%
Genre épique et historique, se déroulant durant l'Antiquité Péplum
69%
Saga d'horreur à faible budget, débutée en 2009 Paranormal Activity
49%
Cinéaste italien sulfureux, assassiné après avoir tourné une adaptation de Sade Pier Paolo Pasolini
26%
Premier acteur noir à recevoir l'Oscar du meilleur acteur en 1964 Sidney Poitier
25%
"Si vous ne m'aimez pas, je peux vous dire que je ne vous aime pas non plus" Maurice Pialat
12%
Personnage enfantin crée par Paul Reubens, fidèle à son vélo Pee-Wee
12%
Aucun quiz correspondant
Distribution des résultats
% des personnes avec chaque résultat
Percentile par nombre de réponses
Votre historique - résultats
Vous n’avez pas pris ce quiz